Las invasiones: las oleadas germánicas
Saved in:
| Hovedforfatter: | |
|---|---|
| Format: | Bog |
| Sprog: | spansk |
| Udgivet: |
Barcelona
Labor
1967
|
| Serier: | Nueva Clio. La historia y sus problemas, 12
|
| Fag: | |
| Tags: |
Tilføj Tag
Ingen Tags, Vær først til at tagge denne postø!
|
MARC
| LEADER | 00000nam a2200000 a 4500 | ||
|---|---|---|---|
| 001 | UCS7094 | ||
| 003 | CL-VaPUC | ||
| 008 | 971010e19670000SP |||||||||||||||||spa|d | ||
| 082 | 0 | 4 | |a 940.1 |b MUS |2 21 |
| 100 | |a Musset, Lucien |e autor |9 318898 | ||
| 245 | 1 | 4 | |a Las invasiones: las oleadas germánicas |
| 300 | |a 280 p | ||
| 942 | |c BK | ||
| 945 | |d 19971010 00:00:00 |a lriquelm | ||
| 260 | |a Barcelona |b Labor |c 1967 | ||
| 650 | 0 | |a Edad media |9 258041 | |
| 650 | 0 | |a Historia medieval |9 258042 | |
| 650 | 7 | |a INVASIONES |2 CL-VaPUC |9 392362 | |
| 650 | 0 | |a Investigación histórica |9 344844 | |
| 650 | 7 | |a DOCUMENTACION |2 CL-VaPUC |9 256928 | |
| 650 | 0 | |a Fuentes de la historia |9 323547 | |
| 651 | 0 | |a Europa |9 255156 | |
| 583 | |a last modification |c 19971010 00:00:00 |k Rodrigo Vera | ||
| 490 | 0 | |a Nueva Clio. La historia y sus problemas, 12 | |
| 999 | |c 262446 |d 262444 | ||
| 952 | |0 0 |1 0 |4 0 |6 940_100000000000000_MUS_1967 |7 0 |8 DER_HIS |9 290945 |a BIBDER |b BIBDER |d 2019-11-19 |i 1888080 |o 940.1 MUS 1967 |p 1888080 |r 2023-01-25 |w 2019-11-19 |x Ubicación 4to Piso |y BK |z Estos recursos deben solicitarse con anticipación |k DER | ||
| 952 | |0 0 |1 0 |2 ddc |4 0 |6 940_100000000000000_MUS_1967 |7 1 |8 R |9 290946 |a BIBHIS |b BIBHIS |d 2019-11-19 |i 3824942 |o 940.1 MUS 1967 |p 3824942 |r 2024-01-30 |w 2019-11-19 |y BK_R |k HIS | ||